Participants aux débats télévisés de l'élection présidentielle - Statistiques

Statistiques générales
  • Ce quiz a été pris 42 fois
  • Le résultat moyen est 17 sur 21
Statistiques - réponses
Candidat % Correct
Emmanuel Macron
100%
Marine Le Pen
100%
François Hollande
97%
François Mitterrand
95%
Jacques Chirac
95%
Nicolas Sarkozy
95%
Jean-Luc Mélenchon
92%
Lionel Jospin
92%
François Fillon
90%
Ségolène Royal
90%
Valéry Giscard d'Estaing
87%
Philippe Poutou
85%
Benoît Hamon
79%
Nicolas Dupont-Aignan
69%
Nathalie Arthaud
67%
Éric Zemmour
64%
François Asselineau
64%
Jean Lassalle
64%
Valérie Pécresse
59%
Jacques Cheminade
56%
François Bayrou
51%
Aucun quiz correspondant
Distribution des résultats
% des personnes avec chaque résultat
Percentile par nombre de réponses
Votre historique - résultats
Vous n’avez pas pris ce quiz